El medio pelo en la sociedad argentina : apuntes para una sociología nacional (obras completas, III) /

Guardado en:
Autor Principal: Jauretche, Arturo
Formato: Libro
Publicado: Buenos Aires : Corregidor, 2004
Materias:
Etiquetas: Agregar Etiqueta
Sin Etiquetas, Sea el primero en etiquetar este registro!
LEADER 00681nam a22001815a 4500
001 EHU.bham027888
008 130507s2004##################000#0#####d
005 20260223101639.0
245 1 0 |a El medio pelo en la sociedad argentina :  |b apuntes para una sociología nacional (obras completas, III) /  |c Arturo Jauretche. 
260 |a Buenos Aires :  |b Corregidor,  |c 2004 
300 |a 335 p. 
500 |a La Biblioteca posee v. III de Obras Completas. 
100 1 |a Jauretche, Arturo 
082 3 0 |a 301.155 J327 III 
653 |a Sociología argentina 
653 |a Sociedad argentina 
653 |a Ensayo argentino-1911- 
859 |a AR-BHAM  |b BIB. HUMANIDADES - General  |h 301.155  |i J327  |p 133.05  |t Ej.1  |v III  |3 III